| 000 | 00438nam a2200169Ia 4500 | ||
|---|---|---|---|
| 008 | 240729s9999 xx 000 0 und d | ||
| 022 | _a2197-1153 | ||
| 245 | 0 | _aJournal of Experimental Orthopaedics | |
| 260 | _aUnited States | ||
| 260 | _bWiley | ||
| 650 | _a Orthopedic surgery | ||
| 650 | _a Surgery | ||
| 650 | _aMedicine | ||
| 856 | _uhttps://doaj.org/toc/52b4dc53209945eaa06e49d91dbf5a45 | ||
| 942 | _2ddc | ||
| 942 | _cDOAJEJ | ||
| 999 |
_c67392 _d67392 |
||
| 945 |
_a1 _bMadushi Gamage _c1 _dMadushi Gamage |
||